राजस्थान के लोकदेवता एवं लोकसाहित्य / (Record no. 31791)

MARC details
000 -LEADER
fixed length control field 01300nam a22002537a 4500
005 - DATE AND TIME OF LATEST TRANSACTION
control field 20091114111517.0
008 - FIXED-LENGTH DATA ELEMENTS--GENERAL INFORMATION
fixed length control field 091114t xxu||||| |||| 00| 0 hin d
010 ## - LCCN (DPL NO)
LC control number HIN-88525
020 ## - INTERNATIONAL STANDARD BOOK NUMBER
International Standard Book Number 8190171887
Terms of availability 350.00
035 ## - SYSTEM CONTROL NUMBER
System control number HN-60871
037 ## - SOURCE OF ACQUISITION
Source of stock number/acquisition DBAD / PUB
040 ## - CATALOGING SOURCE
Original cataloging agency DPL
Language of cataloging HN
082 ## - DEWEY DECIMAL CLASSIFICATION NUMBER
Classification number 306.095442
100 ## - MAIN ENTRY--PERSONAL NAME
Personal name भाटी, पुष्पा
245 ## - TITLE STATEMENT
Title राजस्थान के लोकदेवता एवं लोकसाहित्य /
Statement of responsibility, etc पुष्पा भाटी
246 ## - VARYING FORM OF TITLE
Title proper/short title Rajsathan ke lok devtaavm lok shitya /
Remainder of title by Puspha Bhati
260 ## - PUBLICATION, DISTRIBUTION, ETC. (IMPRINT)
Place of publication, distribution, etc बीकानेर
Name of publisher, distributor, etc राजस्थान साहित्य संस्थान
Date of publication, distribution, etc 2009
270 ## - ADDRESS
Address फूलबाई कुए के सामने, जोशीवाड़ा
City बीकानेर (राज.)
Postal code 334005
300 ## - PHYSICAL DESCRIPTION
Extent 200पृ
Dimensions 22सेमी (सजिल्द)
650 ## - SUBJECT ADDED ENTRY--TOPICAL TERM
Topical term or geographic name as entry element राजस्थान (भारत)
General subdivision सभ्यता
650 ## - SUBJECT ADDED ENTRY--TOPICAL TERM
Topical term or geographic name as entry element Rajasthan (India)
General subdivision Civilization
942 ## - ADDED ENTRY ELEMENTS (KOHA)
Source of classification or shelving scheme Dewey Decimal Classification
Item type Hindi Books
Classification part 306.095442
Call number suffix भाटीपु
Holdings
Withdrawn status Lost status Source of classification or shelving scheme Damaged status Not for loan Collection code Home library Current library Date acquired Source of acquisition Cost, normal purchase price Total Checkouts Full call number Barcode Date last seen Copy number Cost, replacement price Koha item type
    Dewey Decimal Classification   Not For Loan Non-fiction D.B.Act.Division D.B.Act.Division 14/11/2009 DBAD / PUB 350.00   306.095442 भाटीपु HN-60871 14/11/2009 1 350.00 Hindi Books

© Delhi Public Library
Hit Counter
free hit counter